| 000 | 00720nam a22002177a 4500 | ||
|---|---|---|---|
| 005 | 20170124110249.0 | ||
| 010 | _a284245 | ||
| 020 | _c00.00 | ||
| 035 | _a284245 | ||
| 037 | _bCen Lib/Ret | ||
| 040 |
_aDPL _bEN |
||
| 082 |
_a921 _bSWA |
||
| 110 |
_aInstitute of Social Educationand Recreation _998390 |
||
| 245 |
_aSwami Vivekanand century celebrations and the seventh shre Ram Krishn mela : _bnerendrapur 1963-1964 / |
||
| 260 |
_bRamkrishn Mission Ashram _aWest Bengal _c1964 |
||
| 270 |
_bWest Bengal _aNarendrapur 24-parganas |
||
| 300 |
_avarious pagings _c22cm(Hb) |
||
| 650 |
_aSwami Vivekanand -- Biography _998391 |
||
| 650 |
_aBiography _97490 |
||
| 942 |
_2ddc _cEN _h921 _mSWA |
||
| 999 |
_c135772 _d135772 |
||